Normal view
MARC view
Entry Personal Name
001 - CONTROL NUMBER
- control field: 26814
003 - CONTROL NUMBER IDENTIFIER
- control field: ARRUPE
005 - DATE AND TIME OF LATEST TRANSACTION
- control field: 20161017145114.0
008 - FIXED-LENGTH DATA ELEMENTS
- fixed length control field: 161017|| aca||aabn | a|a d
040 ## - CATALOGING SOURCE
- Original cataloging agency: ARRUPE
- Transcribing agency: ARRUPE
100 ## - HEADING--PERSONAL NAME
- Personal name: Mihyo, Paschal B.
670 ## - SOURCE DATA FOUND
- Source citation: Work cat.: (ARRUPE)0: Mihyo, Paschal B., Industrial conflict and change in Tanzania /, 1983